Hof van Eden = Garden of Eden / (Record no. 4566)

MARC details
000 -LEADER
campo de control de longitud fija 01547nam a22002777i 4500
003 - IDENTIFICADOR DE NÚMERO DE CONTROL
campo de control OSt
005 - FECHA Y HORA DE LA ÚLTIMA TRANSACCIÓN
campo de control 20251119124042.0
008 - DATOS DE LONGITUD FIJA--INFORMACIÓN GENERAL
campo de control de longitud fija 251119b |||||||| |||| 00| 0 eng d
020 ## - NÚMERO INTERNACIONAL ESTÁNDAR DEL LIBRO
Número Internacional Estándar del Libro 9789083203836
040 ## - FUENTE DE CATALOGACIÓN
Lengua de catalogación spa
Centro/agencia transcriptor MNU
041 1# - CÓDIGO DE IDIOMA
Código de lengua del texto/banda sonora o título independiente dut
-- eng
082 04 - NÚMERO DE LA CLASIFICACIÓN DECIMAL DEWEY
Número de clasificación 700.432.688.1
Número de ítem N477h
100 1# - ENTRADA PRINCIPAL--NOMBRE DE PERSONA
Nombre de persona Neubauer, Ursula
Término indicativo de función/relación artista
245 00 - MENCIÓN DEL TÍTULO
Título Hof van Eden = Garden of Eden /
Mención de responsabilidad, etc. Ursula Neubauer ; Frans W. Saris ; Esther Wils.
246 31 - FORMA VARIANTE DEL TITULO
Título propio/Titulo breve Garden of Eden
260 ## - PUBLICACIÓN, DISTRIBUCIÓN, ETC.
Lugar de publicación, distribución, etc. La Haya, Paises Bajos :
Nombre del editor, distribuidor, etc. West,
Fecha de publicación, distribución, etc. 2023
-- c2022
300 ## - DESCRIPCIÓN FÍSICA
Extensión 48 p :
Otras características físicas fotografías e ilustraciones a color ;
Dimensiones 24 cm
520 3# - RESUMEN, ETC.
Sumario, etc. Todos los países africanos cuentan con reservas de caza nacionales y privadas. Namibia también tiene concesiones. Damaraland, en el centro de Namibia, fue parte de una colonia alemana y posteriormente de Sudáfrica. Tras la caída del régimen del apartheid, el pueblo damara recibió sus tierras, el desierto de Namib, del tamaño de Países Bajos, como concesión del gobierno namibio. Allí gozan de autonomía, con una condición: la preservación de la biodiversidad. Vivir en libertad, independientes del mundo exterior a su concesión, en armonía con la naturaleza, como en el Jardín del Edén.
650 14 - PUNTO DE ACCESO ADICIONAL DE MATERIA--TÉRMINO DE MATERIA
Término de materia o nombre geográfico como elemento de entrada Actividades
Subdivisión de forma fotografías de la naturaleza
Subdivisión geográfica Namibia
650 14 - PUNTO DE ACCESO ADICIONAL DE MATERIA--TÉRMINO DE MATERIA
Término de materia o nombre geográfico como elemento de entrada Paisaje natural
Subdivisión geográfica Namibia
650 14 - PUNTO DE ACCESO ADICIONAL DE MATERIA--TÉRMINO DE MATERIA
Término de materia o nombre geográfico como elemento de entrada Arte ecológico
Subdivisión geográfica Namibia
700 1# - ENTRADA AGREGADA--NOMBRE PERSONAL
Nombre de persona Neubauer, Ursula
Término indicativo de función/relación artista
700 1# - ENTRADA AGREGADA--NOMBRE PERSONAL
Nombre de persona Saris, Frans W.
Término indicativo de función/relación autor
700 1# - ENTRADA AGREGADA--NOMBRE PERSONAL
Nombre de persona Wils, Esther
Término indicativo de función/relación redactora
942 ## - ELEMENTOS DE ENTRADA SECUNDARIOS (KOHA)
Fuente del sistema de clasificación o colocación Clasificación Decimal Dewey
Tipo de ítem Koha Libros
Parte de la signatura que corresponde a la clasificación (Parte de la clasificación) 700.432.688.1
Parte de la signatura que identifica el ejemplar (Parte del ítem) N477h
Suprimir en OPAC No
Holdings
Estatus retirado Estado de pérdida Fuente del sistema de clasificación o colocación Estado de daño No para préstamo Colección Biblioteca de origen Biblioteca actual Fecha de adquisición Total de préstamos Signatura topográfica completa Código de barras Visto por última vez Precio de reemplazo Tipo de ítem Koha
    Clasificación Decimal Dewey     Libros Biblioteca LadoV Biblioteca LadoV 19/11/2025   700.432.688.1 N477h 002731 19/11/2025 19/11/2025 Libros